Science Quiz

Random Science or Animal Quiz

Asian Mammals Quiz Stats

Quiz Updated Sep 6, 2016

Also try: African Mammals
Challenge
Share
Tweet
Score 0/20 Timer 05:00
1 Play Today
Asian Mammal % Correct
Amur leopard
93.7%
Asian elephant
90.3%
North Pacific right whale
89.7%
Giant panda
87.6%
Bengal tiger
87.5%
Bactrian camel
86.9%
Harbor seal
86.1%
Indian rhinoceros
85.4%
Pacific walrus
84.9%
Eastern kiang
65.5%
Asian Mammal % Correct
Siberian musk deer
54.6%
Lion-tailed macaque
52%
Yak
50.1%
Dorcas gazelle
49.3%
Gaur
48.9%
Siberian weasel
34.1%
Indian giant squirrel
32.9%
Golden jackal
31.1%
Bengal slow loris
20.7%
Great gerbil
7.7%

You're not logged in!

Compare scores with friends on all Sporcle quizzes.
Join for Free
OR
Log In

You Might Also Like...

Show Comments

Extras

Top Quizzes Today


Score Distribution

Your Account Isn't Verified!

In order to create a playlist on Sporcle, you need to verify the email address you used during registration. Go to your Sporcle Settings to finish the process.

Report this User

Report this user for behavior that violates our Community Guidelines.

Details: